| 000 | 00767nam a22002417a 4500 | ||
|---|---|---|---|
| 999 |
_c17612 _d17612 |
||
| 003 | AR-CdUCM | ||
| 008 | 190509b ||||| |||| 00| 0 spa d | ||
| 040 |
_aMUNICIPALIDAD PROVINCIAL DEL CUSCO _cBIBLIOTECA MUNICIPAL DEL CUSCO |
||
| 082 |
_211ed. _a818.5 / _bU77 |
||
| 100 |
_aUris, Leon, _937735 |
||
| 245 | _aÉxodo / | ||
| 260 |
_aBarcelona : _bBruguera, _c1961. |
||
| 300 |
_a676 paginas ; _bIlustraciones, _c21 cm. |
||
| 500 | _aTitulo original : Exodus | ||
| 505 | _aContenido : Novela | ||
| 650 |
_aSiglo XX _98 |
||
| 650 |
_aLiteratura americana _912159 |
||
| 650 |
_aTraducciones al español _91053 |
||
| 650 |
_aNovelas estadounidenses _9734 |
||
| 700 |
_aPorta, Baldomero (Traducción) _922854 |
||
| 942 |
_2ddc _cLIBROS |
||
| 945 |
_awnts _d2019-05-09 |
||